000 00511nam a2200145Ia 4500
008 100122s9999 xx 000 0 und d
082 _b46626
_a920
100 _aगुप्ते ललिता
245 _aत्या वाटेच्या वळणावर
260 _bउन्मेष प्रकाशन
_c1992
300 _a159
630 _aत्या वाटेच्या वळणावर
730 _aत्या वाटेच्या वळणावर
942 _cBOOK
999 _c425711
_d425708